| 000 | 00783nam a2200241 a 4500 | ||
|---|---|---|---|
| 001 | BRCA_791 | ||
| 005 | 20190320203142.0 | ||
| 008 | 020508s1985----sp-a---###---#000-0#spa-# | ||
| 020 | _a8434581078 | ||
| 041 | _aspa | ||
| 044 | _asp | ||
| 050 | 4 |
_aF1229 _b.G88 1985 |
|
| 100 | 1 |
_aGutiérreZ Contreras, Francisco _92633 |
|
| 245 | 1 | 0 |
_aAmérica a través de sus códices y cronistas _cF. Gutiérrez Contreras. |
| 260 |
_aBarcelona _bSalvat _c1985 |
||
| 300 |
_a64 p. _bil. (algunas a color) _c19 cm. |
||
| 440 | 0 |
_aColección Salvat _pTemas clave _v57 _92634 |
|
| 504 | _aBibliografía: p. 64 | ||
| 650 | 1 | 4 |
_aAmérica _xDescubrimiento y exploración _91007 |
| 650 | 1 | 4 |
_aAmérica Latina _xDescubrimiento y exploración _92635 |
| 650 | 1 | 4 |
_aAmérica _xColonización _92636 |
| 942 |
_2lcc _cB |
||
| 999 |
_c687 _d687 |
||